| 000 | 00399 a2200157 4500 | ||
|---|---|---|---|
| 005 | 20250609071804.0 | ||
| 020 | _a0-7645-6339-4 | ||
| 082 | _aREF 423 WEB | ||
| 100 | _a AGNES, M. | ||
| 245 | _aWebsters New World Dictionary and Thesaurus | ||
| 250 | _a2nd Ed. | ||
| 260 |
_aCanada, _bJohn Wiley &son, Inc, _c2002. |
||
| 300 |
_axvii, 750p.: . _c24cm. |
||
| 700 | _aLAIRD, C. | ||
| 942 |
_2ddc _cBKS |
||
| 999 |
_c3468 _d3468 |
||